Habladurías de un pintamonas: contra-crítica
Guardat en:
| Autor principal: | |
|---|---|
| Format: | Llibre |
| Idioma: | espanyol |
| Publicat: |
Madrid, España.
Casimiro Libros,
2012
|
| Matèries: | |
| Etiquetes: |
Afegir etiqueta
Sense etiquetes, Sigues el primer a etiquetar aquest registre!
|
MARC
| LEADER | 00000cam a2200000 a 4500 | ||
|---|---|---|---|
| 001 | UCF5542 | ||
| 003 | CL-VaPUC | ||
| 005 | 20211007121833.0 | ||
| 008 | 130318e20120000SP |||||||||||||||||spa|d | ||
| 999 | |c 351041 |d 351039 | ||
| 020 | |a 9788415715030 | ||
| 040 | |c Pontificia Universidad Católica de Valparaíso | ||
| 082 | 0 | 4 | |a 741.092 GAU 2012 |2 21 |
| 100 | 0 | |a Gauguin, Paul |e author |9 266118 | |
| 245 | 1 | 0 | |a Habladurías de un pintamonas: contra-crítica |
| 260 | |a Madrid, España. |b Casimiro Libros, |c 2012 | ||
| 300 | |a 60 páginas | ||
| 583 | |a last modification |c 20130318 11:20:00 |k Rodrigo Vera | ||
| 650 | 0 | |a Postimpresionismo |2 CL-VaPUC |9 407295 | |
| 650 | 0 | |a Pintura francesa |9 266122 | |
| 650 | 0 | |a Pintores franceses |9 340354 | |
| 942 | |c BK |2 ddc | ||
| 945 | |d 20130318 00:00:00 |a dcastane | ||
| 952 | |0 0 |1 0 |4 0 |6 741_092000000000000_GAU_2012 |7 0 |8 A |9 454914 |a BIBART |b BIBART |d 2019-11-22 |i 4954238 |l 3 |o 741.092 GAU 2012 |p 4954238 |r 2025-03-13 |s 2020-03-10 |w 2019-11-22 |y BK |k ART | ||
| 952 | |0 0 |1 0 |2 ddc |4 0 |6 741_092000000000000_GAU_2012 |7 0 |8 A |9 578035 |a BIBART |b BIBART |d 2021-06-07 |e 135 |g 5000.00 |i 558406K |o 741.092 GAU 2012 |p 558406K |r 2025-03-13 |t 2 |v 5000.00 |w 2021-06-07 |y BK |k ART | ||